000 00645nam a2200169 a 4500
001 000027911
005 20200930031208.0
008 110405s1986 cl 000 0 spa d
040 _aDO-SdBNP
_bspa
_cBNPHU
082 _axxx
_bU76m
100 1 _aUribe Uribe, Rodolfo
_954975
245 1 0 _aModernización y cambio en sistemas e informática :
_brealizaciones en informática púlica /
_cRodolfo Uribe Uribe.
260 _aBogotá, (Colombia) :
_bDepartamento Administrativo de la Presidencia de la República Secretaría de Informática,
_c[1986?].
300 _a88 p. ;
_c24 cm.
500 _aIncluye notas al pie de las páginas
049 _aBNPD
999 _c27403
_d27403